000 00692nam a2200229Ia 4500
005 20230810101357.0
008 131103s9999 xx 000 0 und d
020 _a812030876X
_cRs 85
040 _aLoreto College
041 _aEnglish
082 _a910.01
_bDIK
245 4 _aThe art and science of geography
_b integrated readings
_cedited by R.D. Dikshit
250 _aEastern Economy Edition
260 _aNew Delhi
_bPrentice-Hall of India Private Limited
_c1999
300 _axii,195p
_b drawings, diagrams
504 _aIncludes index
650 _aGeographical Thought
651 _aGeography, Philosophy, Theory
700 _aDikshit, R.D.
850 _aLCLIB
942 _cBK
999 _c3967
_d54446